Moving forward and making an impact in service research : from research priorities to research methodologies /

Bibliographic Details
Other Authors: Lariviere, Bart, (Editor), Kandampully, Jay, (Editor)
Format: eBook
Language:English
Published: [Place of publication not identified] : Emerald Publishing, 2019.
Series:Journal of Service Management ; Volume 30, Number 5
Subjects:
Online Access:Click to View
LEADER 01468nam a2200361 i 4500
001 EBC6000838
003 MiAaPQ
005 20200224140406.0
006 m o d |
007 cr cnu||||||||
008 200224s2019 xx o 000 0 eng d
020 |a 9781839823176 (e-book) 
035 |a (MiAaPQ)EBC6000838 
035 |a (Au-PeEL)EBL6000838 
035 |a (OCoLC)1134075182 
040 |a MiAaPQ  |b eng  |e rda  |e pn  |c MiAaPQ  |d MiAaPQ 
050 4 |a BD241  |b .M685 2019 
082 0 |a 101  |2 23 
245 0 0 |a Moving forward and making an impact in service research :  |b from research priorities to research methodologies /  |c guest editor, Bart Lariviere, Jay Kandampully. 
264 1 |a [Place of publication not identified] :  |b Emerald Publishing,  |c 2019. 
300 |a 1 online resource (161 pages). 
336 |a text  |b txt  |2 rdacontent 
337 |a computer  |b c  |2 rdamedia 
338 |a online resource  |b cr  |2 rdacarrier 
490 0 |a Journal of Service Management ;  |v Volume 30, Number 5 
588 |a Description based on print version record. 
590 |a Electronic reproduction. Ann Arbor, MI : ProQuest, 2018. Available via World Wide Web. Access may be limited to ProQuest affiliated libraries. 
650 0 |a Methodology. 
655 4 |a Electronic books. 
700 1 |a Lariviere, Bart,  |e editor. 
700 1 |a Kandampully, Jay,  |e editor. 
797 2 |a ProQuest (Firm) 
856 4 0 |u https://ebookcentral.proquest.com/lib/matrademy/detail.action?docID=6000838  |z Click to View